00676nas a2200193 i 450000500170000000800410001704000380005808200120009624500770010826400650018530000260025033600220027633700260029833800240032436200060034850000220035465000500037685600560042620260430133349.0260430d ua fu|j| |||| 00| 0 ara d aEG-GICUCcEG-GICUCdEG-GICUCerda04a33622100aمجلة كلية الشرطة. bالعدد الحادى عشر 1964 / 01aالقاهرة :bأكاديمية الشرطة،c1964 -  aمجلد ؛c24 سم. 2rda contentaText 2rda mediaaunmediated 2rda carrieravolume0 a. aيوليو 1964. 04aالقانون الجنائيvدوريات uhttps://fll.law.cu.edu.eg/fulltext/cr/S10-00345.pdf